000 00316nam a22001337a 4500
008 210519b ||||| |||| 00| 0 eng d
041 _aeng
080 _a338
082 _a338
100 _a53
101 _aMEN
245 _aThe theory and practice of bond portfolio management
_cBernstein,P.L
942 _2udc
_cBK
999 _c57510
_d57510